Statistics for Top 10 Least Forested Countries in Asia

Click here to take the quiz!

General Stats

  • This quiz has been taken 16,354 times
  • The average score is 8 of 10

Answer Stats

%Country% Correct
0.45Saudi Arabia
94%
0.01Oman
90%
1.04Yemen
90%
1.88Iraq
89%
0Qatar
87%
0.35Kuwait
82%
0.79Bahrain
78%
1.09Jordan
77%
1.62Pakistan
46%
1.21Kazakhstan
43%

Score Distribution

Percentile by Number Answered

Percent of People with Each Score

Your Score History

You have not taken this quiz